000
00420nam a2200133Ia 4500
008
100328s9999 xx 000 0 und d
082
_b
17334
100
_a
मारहर्वी आरिफ
245
_a
खतरनाक मादाम
260
_b
पी.पी.बी. जर्नल्स
630
_a
खतरनाक मादाम
730
_a
खतरनाक मादाम
942
_c
BOOK
999
_c
511920
_d
511917